Statistics for Geography of Texas Quiz

Click here to take the quiz!

General Stats

  • This quiz has been taken 10 times
    (9 since last reset)
  • The average score is 13 of 28

Answer Stats

Question Answer % Correct
Southernmost major cityBrownsville
100%
Vacation town hit by a hurricane in 1900Galveston
78%
National park on Mexico borderBig Bend
67%
El Paso's riverRio Grande
67%
River spanning most of Oklahoma borderRed
67%
Mexican City across from El PasoCiudad Juarez
67%
City across from Nuevo LaredoLaredo
67%
City halfway between Dallas and AustinWaco
56%
City 50 mi NNW of #1McAllen
56%
Largest cities north of the Dallas-Fort Worth areaLubbock
56%
Austin's riverColorado
56%
Waco's riverBrazos
56%
Amarillo
44%
Highest point in TexasGuadalupe Peak
44%
Other national park in TexasGuadalupe Mountains
44%
San Antonio's riverSan Antonio
44%
Plateau NW of AustinEdwards Plateau
44%
Dallas's riverTrinity
44%
River spannig most of Louisiana borderSabine
44%
Mexican city right across from ^Matamoros
33%
Largest cities west of San Antonio that haven't been mentioned yetMidland
33%
River emptying in Corpus ChristiNueces
33%
Wichita Falls
22%
Longest tributary of ^Pecos
22%
Abilene
22%
Odessa
22%
Houston's riverBuffalo Bayou
22%
Largest lake on Louisiana borderToledo Bend Reservoir
11%

Score Distribution

Percentile by Number Answered

Percent of People with Each Score

Your Score History

You have not taken this quiz since the last reset